|
|
|
|
| LEADER |
00000nam a22000004a 4500 |
| 001 |
AR-BbUGT3925 |
| 003 |
AR-BbUGT |
| 005 |
20181220001821.0 |
| 007 |
ta |
| 008 |
061101t1995 ||| |0|||0| d |
| 020 |
|
|
|a 84-281-0856-0
|
| 040 |
|
|
|a AR-BbUGT
|b spa
|c AR-BbUGT
|
| 082 |
0 |
4 |
|a 911
|
| 100 |
1 |
|
|a Bosque Maurel, Joaquin.
|
| 245 |
1 |
0 |
|a Comentario de textos geográficos (Historia y crítica del pensamiento geográfico) /
|c Joaquín Bosque Maurel ; Francisco Ortega Alba.
|
| 260 |
|
|
|a Barcelona :
|b Oikos-Tau,
|c 1995.
|
| 300 |
|
|
|a 179 p.
|
| 653 |
|
|
|a Pensamiento geográfico
|
| 653 |
|
|
|a Geografía precientífica
|
| 653 |
|
|
|a Tradiciones geográficas
|
| 700 |
1 |
|
|a Santos, Milton.
|
| 700 |
1 |
|
|a Yi-fu Tuan.
|
| 942 |
|
|
|c BK
|h 911
|i B65
|2 ddc
|6 911_000000000000000_B65
|
| 999 |
|
|
|c 11240
|d 11240
|